| 000 | 01401nam0a2200313 4500 | ||
|---|---|---|---|
| 001 | RU\NLR\BIBL_A\011298330 | ||
| 005 | 20250626041014.0 | ||
| 010 | _a978-5-93762-126-9 | ||
| 021 |
_aRU _b2016-93718 _96205 |
||
| 035 | _a(NLR Aleph) 011298330 | ||
| 090 |
_a10962035 _c10962035 |
||
| 100 | _a20161222d2017 |||y0rusy50 ca | ||
| 101 | 0 | _arus | |
| 102 | _aRU | ||
| 105 | _aac z 000zy | ||
| 200 | 1 |
_aРепортаж без микрофона _e[сборник памяти выдающегося спортивного комментатора _eдля читателей старше 12 лет] _fКотэ Махарадзе |
|
| 210 |
_aСанкт-Петербург _cГуманитарная академия _d2017 |
||
| 215 |
_a317, [2] с., [12] л. ил., портр. _cил. _d20 |
||
| 600 | 1 |
_aМахарадзе _bК. _f1926 - 2002 _gКотэ _jВоспоминания, записки и т.п _91621256 _3RU\NLR\AUTH\66715412 |
|
| 606 | 1 |
_aФутбол _jВоспоминания, записки и т.п _yСССР _9982795 _3RU\NLR\AUTH\6651844 |
|
| 686 | 1 | _aЧ515.783(2) | |
| 686 | 1 | _aЧ515.783(2)7-8Махарадзе | |
| 686 | 1 | _aЩ334.3(2Г)7-86Махарадзе | |
| 700 | 1 |
_7ca _8rus _aМахарадзе _bК. _f1926-2002 _gКотэ _9170080 _3RU\NLR\AUTH\770170130 |
|
| 942 | _cBOOK | ||
| 980 | _aNBR | ||
| 980 | _aNB | ||